10 Najpopularniejszych stron internetowych w Rosji - Statystyki

Ogólne statystyki
  • Ten quiz został rozwiązany 15 razy
  • Średni wynik to 3 z 10
Statystyki odpowiedzi
Odpowiedź % Poprawnych
10. Facebook
86%
5. Youtube
64%
4. Google
57%
3. Vk
43%
1. Yandex
36%
7. Wikipedia
21%
2. Mail
14%
6. Odnoklassniki
14%
8. Avito
0%
9. Ucoz
0%
Nie znaleziono quizów pasujących do podanych kryteriów
Rozkład punktacji
Procent ludzi z każdym wynikiem
Percentyl według liczby udzielonych odpowiedzi
Twoja historia wyników
Nie rozwiązałeś tego quizu